| 000 | 00387nam a2200157Ia 4500 | ||
|---|---|---|---|
| 005 | 20240807062129.0 | ||
| 008 | 240806s9999||||xx |||||||||||||| ||eng|| | ||
| 041 | _aeng | ||
| 082 |
_a891.434009 _bANKR |
||
| 100 | _aAnkur Devendra Raj | ||
| 245 | 0 |
_aRangmench ka saundryashastra / _cAnkur Devendra Raj |
|
| 260 | _bRaj Kamal New Dehli | ||
| 300 | _a174 | ||
| 650 | _aHindi | ||
| 942 | _cBK | ||
| 999 |
_c9396 _d9396 |
||